000 00528nam a2200181 a 4500
999 _c2193
_d2193
020 _a0408012137 (hardcover)
020 _a9780408012133 (hardcover)
100 1 _aPierce, S.R.
245 1 0 _aPlanning: the architects' handbook
250 _a10th ed.
260 _a[S.l.] :
_bButterworth-Heinemann Ltd,
_c1985.
300 _a670 p.
650 _aBuilding--Handbooks, manuals, etc.
700 1 _aetc.
700 1 _aMills, Edward D.
856 4 0 _uhttp://www.amazon.com/exec/obidos/ASIN/0408012137/chopaconline-20
942 _cBK